Catálogo
 En Linea

La salud y la cocina : (Registro nro. 33644)

Detalles MARC
000 -CABECERA
campo de control de longitud fija 00484nam a2200157 a 4500
001 - NÚMERO DE CONTROL
campo de control 000034153
005 - FECHA Y HORA DE LA ÚLTIMA TRANSACCIÓN
campo de control 20200930070823.0
008 - DATOS DE LONGITUD FIJA--INFORMACIÓN GENERAL
campo de control de longitud fija 110926s2007 cl a 000 0 spa d
020 ## - NÚMERO INTERNACIONAL ESTÁNDAR DEL LIBRO
Número Internacional Estándar del Libro 9974800838
040 ## - FUENTE DE LA CATALOGACIÓN
Centro catalogador/agencia de origen DO-SdBNP
Lengua de catalogación spa
Centro/agencia transcriptor BNPHU
049 ## - FONDOS LOCALES (OCLC)
Fondos de biblioteca BNPD
245 03 - MENCIÓN DE TÍTULO
Título La salud y la cocina :
Resto del título nutrición y prevención /
Mención de responsabilidad, etc. Marta Lucía Chiglioni.
260 ## - PUBLICACIÓN, DISTRIBUCIÓN, ETC.
Lugar de publicación, distribución, etc. Bogotá :
Nombre del editor, distribuidor, etc. Arquetipo Grupo Editorial,
Fecha de publicación, distribución, etc. 2007.
300 ## - DESCRIPCIÓN FÍSICA
Extensión 360 p. :
Otras características físicas il. ;
Dimensiones 30 cm.
700 1# - PUNTO DE ACCESO ADICIONAL--NOMBRE DE PERSONA
Nombre de persona Chiglioni, Marta Lucía
9 (RLIN) 59571
Existencias
Estado de retiro Estado de pérdida Restricciones de uso No para préstamo Código de colección Localización permanente Ubicación/localización actual Ubicación en estantería Fecha de adquisición Número de inventario Total de préstamos Signatura topográfica completa Código de barras Fecha visto por última vez Precio válido a partir de Tipo de ítem Koha Número de copia
      Excluido de préstamo Monografías: Libros y Folletos General General En catalogación 26.09.2011 LF1   34153-10 25.06.2020 25.06.2020 No se presta  
        Monografías: Libros y Folletos General General Orden iniciada 26.09.2011 LF1   34154-10 25.06.2020 25.06.2020 No se presta  
      Excluido de préstamo Monografías: Libros y Folletos General General Depósito 26.09.2011 LF1   34155-10 25.06.2020 25.06.2020 No se presta  
      Excluido de préstamo Monografías: Libros y Folletos General General En catalogación 05.10.2011 LF1   34155-20 25.06.2020 25.06.2020 No se presta e. 2

Con tecnología Koha